[Event "Uppsala Young Champions 9th"]
[Site "Uppsala"]
[Date "2022.10.29"]
[Round "2"]
[White "Fernow, Tore"]
[Black "Galperin, Platon"]
[Result "0-1"]
[WhiteElo "1363"]
[BlackElo "2513"]
[PlyCount "92"]
[EventDate "2022.10.28"]
[EventType "swiss"]
[EventRounds "9"]
[EventCountry "SWE"]
[SourceTitle "EXT 2024"]
[Source "ChessBase"]
[SourceDate "2023.10.10"]
[SourceVersion "1"]
[SourceVersionDate "2023.10.10"]
[SourceQuality "1"]

1. d4 Nf6 2. c4 e6 3. Nc3 Bb4 4. Bf4 c5 5. e3 0-0 6. Nf3 d5 7. Qc2 cxd4 8. exd4 Nc6 9. 0-0-0 Qa5 10. Kb1 Bxc3 11. Qxc3 Qxc3 12. bxc3 Ne4 13. Re1 Nxc3+ 14. Kb2 Ne4 15. Be3 Na5 16. cxd5 exd5 17. h4 Bf5 18. Bd3 Nxf2 19. Bxf2 Bxd3 20. g4 Be4 21. Rh3 Rac8 22. Rc1 Rxc1 23. Kxc1 Rc8+ 24. Kd1 Rc3 25. Ng5 Rxh3 26. Nxh3 Bf3+ 27. Kd2 Bxg4 28. Nf4 Bf3 29. Nd3 f6 30. Ke3 Be4 31. Nc5 Nc4+ 32. Kf4 Nd6 33. Ke3 b6 34. Nb3 Kf7 35. Nd2 g5 36. hxg5 fxg5 37. Nxe4 Nxe4 38. Be1 h5 39. Kf3 Ke6 40. a4 Kf5 41. Bb4 h4 42. Kg2 Kg4 43. Be1 Ng3 44. Bf2 Ne2 45. Be3 Nf4+ 46. Bxf4 Kxf4 0-1